Introduction to statistical quality control
Αποθηκεύτηκε σε:
| Κύριος συγγραφέας: | |
|---|---|
| Μορφή: | Βιβλίο |
| Γλώσσα: | English |
| Δημοσίευση: |
New York :
John Wiley & Sons,
c1997
|
| Έκδοση: | 3rd ed. |
| Θέματα: | |
| Ετικέτες: |
Προσθήκη ετικέτας
Δεν υπάρχουν, Καταχωρήστε ετικέτα πρώτοι!
|
MARC
| LEADER | 00000nam a2200000 i 4500 | ||
|---|---|---|---|
| 001 | 1/65360 | ||
| 008 | 041110s1997 eng d | ||
| 020 | |a 0-471-30353-4 (cloth : alk. paper) | ||
| 035 | |l 10075196 | ||
| 040 | |a GR-MY-UA |b gre |e aacr | ||
| 041 | 0 | |a eng | |
| 082 | 0 | |a 658.562 |2 (22) | |
| 100 | 1 | |a Montgomery, Douglas C. | |
| 245 | 1 | 0 | |a Introduction to statistical quality control / |c Douglas C. Montgomery |
| 250 | |a 3rd ed. | ||
| 260 | |a New York : |b John Wiley & Sons, |c c1997 | ||
| 300 | |a 1 τ. (ποικίλες σελιδαριθμίσεις); |b εγχ. εικ.; |c 25 εκ. | ||
| 504 | |a Περιέχει βιβλιογραφία και ευρετήριο | ||
| 650 | 0 | 0 | |a Quality control |x Statistical methods. |
| 650 | 0 | 0 | |a Process control |x Statistical methods. |
| 852 | |a INST |b SYROS |e 20041110 |h 658.562 MON |p 005500004244 |q 005500004244 |t BK |y 0 | ||
| 901 | |a BIBL5-2004-3 | ||
| 909 | |a Ε |b 111670 | ||
| 920 | |a ΔΙΕΥΡΥΝΣΗ |b ΕΠΕΑΕΚ-ΤΜΣΠΣ |y ΣΥΡΟΣ |z 2004-10 | ||
| 970 | |a ΚΑΓΙΑΒΑ |b ΕΙΡΗΝΗ |z 2004/11/10 | ||